Central Library OPAC University of Rajshahi

শিক্ষা-দর্শন / (Record no. 44259)

MARC details
000 -LEADER
fixed length control field 00960nam a2200241 a 4500
001 - CONTROL NUMBER
control field 44259
003 - CONTROL NUMBER IDENTIFIER
rucl marc code BD-RjUL
005 - DATE AND TIME OF LATEST TRANSACTION
control field 20211209053826.0
008 - FIXED-LENGTH DATA ELEMENTS--GENERAL INFORMATION
fixed length control field 160716s1980 bg ||||| |||| 00| 0 ben d
020 ## - INTERNATIONAL STANDARD BOOK NUMBER
Terms of availability : TK. 25.00
035 ## - SYSTEM CONTROL NUMBER
System control number (BD-RjUL)44377
040 ## - CATALOGING SOURCE
Original cataloging agency BD-RjUL
Language of cataloging ben
Transcribing agency BD-RjUL
Modifying agency BD-RjUL
041 ## - LANGUAGE CODE
Language code of text/sound track or separate title ben
082 ## - DEWEY DECIMAL CLASSIFICATION NUMBER
Edition number 23
Classification number 370.1
Author mark and year RAS 1980
100 ## - MAIN ENTRY--PERSONAL NAME
Personal name রহমান, খোন্দকার মুস্তাফিজুর
9 (RLIN) 135893
245 10 - TITLE STATEMENT
Title শিক্ষা-দর্শন /
Statement of responsibility, etc. খোন্দকার মুস্তাফিজুর রহমান
260 ## - PUBLICATION, DISTRIBUTION, ETC. (IMPRINT)
Place of publication, distribution, etc. ঢাকা :
Name of publisher, distributor, etc. বাংলা একাডেমী,
Date of publication, distribution, etc. ১৯৮০.
300 ## - PHYSICAL DESCRIPTION
Pagination [১২], ৩৩৬ পৃ. ;
Size ২১ সেমি.
504 ## - BIBLIOGRAPHY, ETC. NOTE
Bibliography, etc সংযুক্ত গ্রন্থপজ্ঞি.
650 ## - SUBJECT ADDED ENTRY--TOPICAL TERM
Topical term or geographic name as entry element শিক্ষা
9 (RLIN) 135894
Form subdivision দর্শনশাস্ত্র.
Topical term or geographic name as entry element Education
9 (RLIN) 135895
Form subdivision Philosophy.
942 ## - ADDED ENTRY ELEMENTS (KOHA)
Source of classification or shelving scheme Dewey Decimal Classification
Koha item type Books
Holdings
Lost status Source of classification or shelving scheme Damaged status Not for loan Collection code Permanent Location Current Location Shelving location Date acquired Source of acquisition Cost, normal purchase price Total Checkouts Full call number Date last seen Copy number Koha item type Date checked out
  Dewey Decimal Classification     Non-fiction Central Library, University of Rajshahi Central Library, University of Rajshahi   01/08/1983 Aligorh Library, Rajshahi 25.00   B 370.1 RAS 1980 16/07/2016 C-2 Books  
  Dewey Decimal Classification     Non-fiction Central Library, University of Rajshahi Central Library, University of Rajshahi   01/08/1983 Aligorh Library, Rajshahi 25.00   B 370.1 RAS 1980 07/08/2016 C-3 Books  
  Dewey Decimal Classification     Non-fiction Central Library, University of Rajshahi Central Library, University of Rajshahi   01/08/1983 Aligorh Library, Rajshahi 25.00   B370.1 RAS 1980 07/08/2016 C-4 Books  
  Dewey Decimal Classification     Non-fiction Central Library, University of Rajshahi Central Library, University of Rajshahi   01/08/1983 Aligorh Library, Rajshahi 25.00   B370.1 RAS 1980 07/08/2016 C-5 Books  
  Dewey Decimal Classification     Non-fiction Central Library, University of Rajshahi Central Library, University of Rajshahi   01/08/1983 Aligorh Library, Rajshahi 25.00   B 370.1 RAS 1980 07/08/2016 C-6 Books  
  Dewey Decimal Classification     Non-fiction Central Library, University of Rajshahi Central Library, University of Rajshahi   01/08/1983 Aligorh Library, Rajshahi 25.00 1 B 370.1 RAS 1980 18/11/2019 C-7 Books 14/11/2019
  Dewey Decimal Classification     Non-fiction Central Library, University of Rajshahi Central Library, University of Rajshahi   01/08/1983 Aligorh Library, Rajshahi 25.00   B 370.1 RAS 1980 07/08/2016 C-8 Books  
  Dewey Decimal Classification   Not For Loan Non-fiction Central Library, University of Rajshahi Central Library, University of Rajshahi Reading Room 01/08/1983 Aligorh Library, Rajshahi 25.00   B 370.1 RAS 1980 27/12/2016 C-1 Books  
  Dewey Decimal Classification     Non-fiction Central Library, University of Rajshahi Central Library, University of Rajshahi   03/04/1985 Bangla Academy 25.00   B 370.1 RAS 1980 07/03/2017 C-9 Books  
  Dewey Decimal Classification     Non-fiction Central Library, University of Rajshahi Central Library, University of Rajshahi   01/08/1983 আলীগড় লাইব্রেরী, রাজশাহী 25.00 1 B 370.1 RAS 1980 10/10/2018 C-10 Books 26/09/2018
  Dewey Decimal Classification     Non-fiction Central Library, University of Rajshahi Central Library, University of Rajshahi   01/08/1983 Aligarh lib, raj. 25.00   B 370.1 RAS 1980 22/12/2020 C-11 Books  
  Dewey Decimal Classification     Non-fiction Central Library, University of Rajshahi Central Library, University of Rajshahi   01/08/1983 Aligarh library, Rajshahi 25.00   B 370.1 RAS 1980 29/12/2020 c-12 Books